Manažment dyslipidémie u pacientov s chronickým obličkovým ochorením

Bibliographic Details
Main Author: Fábryová, Ľubomíra, 1962- (Author)
Format: Article
Language:Slovak
PhysicalDescription:Fotogr., tab.
ISSN:1335-4477
Subjects:

MARC

LEADER 00000nab a2200000 a 4500
001 vtls008769661
003 SK-MaSNL
005 20260303174656.0
008 140303c2006 xo wrzp 0 0slo
015 |a SNBRB2006/06  |2 snkbucl 
040 |a SNKBUCL  |b slo  |c SNKBUCL  |e AACR2 
041 0 |a slo 
044 |a xo  |c SK 
080 |a 616.153-085  |2 1997 
080 |a 616.61  |2 1997 
080 |a 616.12  |2 1997 
100 1 |a Fábryová, Ľubomíra,  |d 1962-  |4 aut  |9 213428 
245 1 0 |a Manažment dyslipidémie u pacientov s chronickým obličkovým ochorením  |c Ľubomíra Fábryová 
300 |b Fotogr., tab. 
650 0 7 |a dyslipidémia  |x farmakoterapia  |2 snkbucl  |9 1202477 
650 0 7 |a choroby obličiek chronické  |2 snkbucl  |9 1202478 
650 0 7 |a kardiovaskulárne choroby  |2 snkbucl  |9 2500 
773 0 |t Zdravotnícke noviny  |g Roč. XI, č. 9 (2006)  |x 1335-4477 
773 0 8 |t Lekárske listy  |g . Roč. XI (2006), č. 9, s. 4-9 
852 |a SNK  |b KIS3GCP 
958 |a ME 
958 |a SK 
999 |c 2097939  |d 2099869